| 000 | 00790nam a2200253Ia 4500 | ||
|---|---|---|---|
| 001 | 21619 | ||
| 005 | 20260320113259.0 | ||
| 008 | 260320s9999||||xx |||||||||||||| ||und|| | ||
| 020 | _a9786120002087 | ||
| 041 | _aESP | ||
| 082 |
_a658.3 _bH82 |
||
| 100 |
_aHuallanca Salinas, Edgardo, _eAUT |
||
| 245 | 0 |
_a El factor ausente : _blo que un gerente de recursos humanos debe saber |
|
| 246 |
_a _5 _b |
||
| 260 |
_aTrujillo : _bEditora Gráfica Real, _c2010 |
||
| 300 |
_a123 páginas : _bilustraciones ; _c23 cm. _e |
||
| 440 |
_a _n _v |
||
| 650 | _aTCA | ||
| 653 | _aGerencia de recursos humanos | ||
| 654 | _aCAN | ||
| 700 |
_a _c |
||
| 856 |
_uhttps://ebooks7-24-com.ucsp.lookproxy.com/stage.aspx?il=&pg=&ed= _zVéase además: Base de datos Ebook7-24 |
||
| 942 |
_cLIB _dJUS _fMIP _2ddc _n |
||
| 999 |
_c21619 _d21619 |
||